<?xml version="1.0" encoding="UTF-8"?>
<record
    xmlns:xsi="http://www.w3.org/2001/XMLSchema-instance"
    xsi:schemaLocation="http://www.loc.gov/MARC21/slim http://www.loc.gov/standards/marcxml/schema/MARC21slim.xsd"
    xmlns="http://www.loc.gov/MARC21/slim">

  <leader>02067aab a2200445 a 4500</leader>
  <controlfield tag="003">AR-RoUNA</controlfield>
  <controlfield tag="008">140529|||||||||||||||||     |||| 0|||| d</controlfield>
  <datafield tag="040" ind1=" " ind2=" ">
    <subfield code="a">AR-RoUNA</subfield>
    <subfield code="b">spa</subfield>
  </datafield>
  <datafield tag="041" ind1=" " ind2=" ">
    <subfield code="a">spa</subfield>
    <subfield code="a">eng</subfield>
  </datafield>
  <datafield tag="044" ind1=" " ind2=" ">
    <subfield code="a">ag</subfield>
  </datafield>
  <datafield tag="080" ind1=" " ind2=" ">
    <subfield code="a">72.036</subfield>
  </datafield>
  <datafield tag="092" ind1=" " ind2=" ">
    <subfield code="l">ON58</subfield>
  </datafield>
  <datafield tag="245" ind1="1" ind2="3">
    <subfield code="a">On Dise&#xF1;o /</subfield>
    <subfield code="n">N&#xBA; 175</subfield>
  </datafield>
  <datafield tag="260" ind1=" " ind2=" ">
    <subfield code="a">Barcelona :</subfield>
    <subfield code="b">On Dise&#xF1;o,</subfield>
    <subfield code="c">1996</subfield>
  </datafield>
  <datafield tag="300" ind1=" " ind2=" ">
    <subfield code="a">207 p. :</subfield>
    <subfield code="b">dib.</subfield>
    <subfield code="b">fot. col.</subfield>
    <subfield code="b">plantas</subfield>
    <subfield code="c">29x24 cm</subfield>
  </datafield>
  <datafield tag="505" ind1="0" ind2=" ">
    <subfield code="a">Aranguren L&#xF3;pez Mar&#xED;a Jos&#xE9; y Gonzalez Gallegos / Taller de restauraci&#xF3;n del Museo Arqueol&#xF3;gico de C&#xE1;ceres. p. 136</subfield>
  </datafield>
  <datafield tag="505" ind1="0" ind2=" ">
    <subfield code="a">Junquera Jer&#xF3;nimo y Perez Pita Estanilao /Edificio  de oficinas en las Rozas. (Madrid). p. 146</subfield>
  </datafield>
  <datafield tag="505" ind1="0" ind2=" ">
    <subfield code="a">Ferrater Carlos. Bento Carlos. Sanahuja Jaime / Parque tecnol&#xF3;gico IMPIVA. Castell&#xF3;. p. 158.</subfield>
  </datafield>
  <datafield tag="505" ind1="0" ind2=" ">
    <subfield code="a">Puente Fern&#xE1;ndez Carlos / Casa de cultura de Ciempozuelos. (Madrid). p. 168</subfield>
  </datafield>
  <datafield tag="505" ind1="0" ind2=" ">
    <subfield code="a">Mart&#xED;nez Lape&#xF1;a Jos&#xE9; Antonio y Torres Tur El&#xED;as/ Edificio de viviendas en las colonia san Jos&#xE9;. (Madrid). p.184</subfield>
  </datafield>
  <datafield tag="505" ind1="0" ind2=" ">
    <subfield code="a">Bay&#xF3;n Mariano/ Edificio ABC Serrano. p.188</subfield>
  </datafield>
  <datafield tag="505" ind1="0" ind2=" ">
    <subfield code="a">Torres Nadal Jos&#xE9; Mar&#xED;a / Biblioteca del Estado en Murcia. p. 192</subfield>
  </datafield>
  <datafield tag="505" ind1="0" ind2=" ">
    <subfield code="a">Rocha Joao Alvaro. Gigante Jos&#xE9; Manuel. Portugal Francisco / Instituto de Comunicaciones de Portugal. Delegaci&#xF3;n de ICP Norte. (Porto). p. 196</subfield>
  </datafield>
  <datafield tag="505" ind1="0" ind2=" ">
    <subfield code="a">Linazasoro Jos&#xE9; Ignacio/ Biblioteca Universitaria en Madrid. p. 200</subfield>
  </datafield>
  <datafield tag="505" ind1="0" ind2=" ">
    <subfield code="a">Guallart Vicente y Diaz Nuria / Vivienda moderna en el l&#xED;mite de la ciudad. p. 204</subfield>
  </datafield>
  <datafield tag="505" ind1="0" ind2=" ">
    <subfield code="t">DISE&#xD1;O Y COMUNICACI&#xD3;N</subfield>
  </datafield>
  <datafield tag="505" ind1="0" ind2=" ">
    <subfield code="a">Proyecto Azul: la nueva imagen de Pepsi. </subfield>
  </datafield>
  <datafield tag="505" ind1="0" ind2=" ">
    <subfield code="a">Landor Associates (Madrid). </subfield>
  </datafield>
  <datafield tag="505" ind1="0" ind2=" ">
    <subfield code="a">Nuevas aportaciones de dise&#xF1;o.</subfield>
  </datafield>
  <datafield tag="650" ind1=" " ind2=" ">
    <subfield code="a">Arquitectura contemporanea</subfield>
    <subfield code="9">12621</subfield>
  </datafield>
  <datafield tag="653" ind1=" " ind2=" ">
    <subfield code="a">Exposiciones</subfield>
  </datafield>
  <datafield tag="653" ind1=" " ind2=" ">
    <subfield code="a">Premios</subfield>
  </datafield>
  <datafield tag="700" ind1="1" ind2=" ">
    <subfield code="a">Llopis, Carme</subfield>
    <subfield code="e">drt</subfield>
    <subfield code="9">12622</subfield>
  </datafield>
  <datafield tag="773" ind1=" " ind2=" ">
    <subfield code="a">On Dise&#xF1;o</subfield>
    <subfield code="d">Barcelona, AramEdiciones S.A, 1996</subfield>
    <subfield code="g">N&#xBA;175 ( 1996). p.207</subfield>
    <subfield code="x">0210-2080</subfield>
  </datafield>
  <datafield tag="908" ind1=" " ind2=" ">
    <subfield code="a">Imp</subfield>
  </datafield>
  <datafield tag="930" ind1=" " ind2=" ">
    <subfield code="c">170</subfield>
    <subfield code="e">6916</subfield>
  </datafield>
  <datafield tag="942" ind1=" " ind2=" ">
    <subfield code="2">udc</subfield>
    <subfield code="c">ART</subfield>
  </datafield>
  <datafield tag="945" ind1=" " ind2=" ">
    <subfield code="a">MBP</subfield>
    <subfield code="d">2019-02-20</subfield>
  </datafield>
  <datafield tag="980" ind1=" " ind2=" ">
    <subfield code="8">6</subfield>
    <subfield code="g">Mirna Bonanno Potro</subfield>
    <subfield code="6">6</subfield>
    <subfield code="a">Mirna Bonanno Potro</subfield>
  </datafield>
  <datafield tag="999" ind1=" " ind2=" ">
    <subfield code="c">12103</subfield>
    <subfield code="d">12103</subfield>
  </datafield>
  <datafield tag="952" ind1=" " ind2=" ">
    <subfield code="0">0</subfield>
    <subfield code="1">0</subfield>
    <subfield code="2">udc</subfield>
    <subfield code="4">0</subfield>
    <subfield code="5">0</subfield>
    <subfield code="7">0</subfield>
    <subfield code="a">AR-RoUNA</subfield>
    <subfield code="b">AR-RoUNA</subfield>
    <subfield code="c">Heme</subfield>
    <subfield code="d">2025-09-08</subfield>
    <subfield code="e">Don</subfield>
    <subfield code="l">0</subfield>
    <subfield code="o">72.036</subfield>
    <subfield code="p">1002763</subfield>
    <subfield code="r">2025-09-08</subfield>
    <subfield code="t">ej. 1</subfield>
    <subfield code="w">2025-09-08</subfield>
    <subfield code="y">ART</subfield>
    <subfield code="k">K400</subfield>
    <subfield code="x"></subfield>
  </datafield>
</record>
